Casse Tête - Classer les Nombres de 1 à 100 - Statistiques

Statistiques générales
  • Ce quiz a été pris 48 fois
  • Le résultat moyen est 14 sur 100
Statistiques - réponses
Hint Réponse % Correct
2 Nombres premiers
37%
3 Nombres premiers
29%
7 Nombres premiers
29%
8 Quantités de joueurs en simple hommes par étape au 3e tour, 1/8e, 1/4 OU en 1/2 de Roland Garros chaque année
29%
18 Samu, Pompiers
29%
15 Samu, Pompiers
24%
22 Départements avec un Saint comme préfecture
22%
13 Nombres premiers
22%
37 Nombres premiers
22%
4 Quantités de joueurs en simple hommes par étape au 3e tour, 1/8e, 1/4 OU en 1/2 de Roland Garros chaque année
22%
40 Départements de la côte Atlantique sans Finistère ni Fort Boyard
20%
44 Départements de la côte Atlantique sans Finistère ni Fort Boyard
20%
5 Nombres premiers
20%
31 Nombres premiers
20%
97 Nombres premiers
20%
16 Quantités de joueurs en simple hommes par étape au 3e tour, 1/8e, 1/4 OU en 1/2 de Roland Garros chaque année
20%
72 Tiers restant (les autres)
20%
99 Tiers restant (les autres)
20%
100 Tiers restant (les autres)
20%
33 Départements de la côte Atlantique sans Finistère ni Fort Boyard
17%
77 Départements traversés par la Seine (embouchure comprise)
17%
11 Nombres premiers
17%
19 Nombres premiers
17%
23 Nombres premiers
17%
29 Nombres premiers
17%
41 Nombres premiers
17%
43 Nombres premiers
17%
47 Nombres premiers
17%
67 Nombres premiers
17%
73 Nombres premiers
17%
32 Quantités de joueurs en simple hommes par étape au 3e tour, 1/8e, 1/4 OU en 1/2 de Roland Garros chaque année
17%
6 Tiers restant (les autres)
17%
9 Tiers restant (les autres)
17%
28 Tiers restant (les autres)
17%
80 Tiers restant (les autres)
17%
84 Tiers restant (les autres)
17%
56 Départements de la côte Atlantique sans Finistère ni Fort Boyard
15%
55 Départements de Lorraine sans Nancy
15%
75 Départements traversés par la Seine (embouchure comprise)
15%
54 L'Allemagne en finale de Coupe du Monde de Football au XXe siècle (Année (19xx))
15%
74 L'Allemagne en finale de Coupe du Monde de Football au XXe siècle (Année (19xx))
15%
82 L'Allemagne en finale de Coupe du Monde de Football au XXe siècle (Année (19xx))
15%
17 Nombres premiers
15%
53 Nombres premiers
15%
61 Nombres premiers
15%
71 Nombres premiers
15%
79 Nombres premiers
15%
83 Nombres premiers
15%
38 Tiers restant (les autres)
15%
45 Tiers restant (les autres)
15%
65 Tiers restant (les autres)
15%
68 Tiers restant (les autres)
15%
70 Tiers restant (les autres)
15%
98 Tiers restant (les autres)
15%
50 Départements avec un Saint comme préfecture
12%
64 Départements de la côte Atlantique sans Finistère ni Fort Boyard
12%
57 Départements de Lorraine sans Nancy
12%
76 Départements traversés par la Seine (embouchure comprise)
12%
66 L'Allemagne en finale de Coupe du Monde de Football au XXe siècle (Année (19xx))
12%
86 L'Allemagne en finale de Coupe du Monde de Football au XXe siècle (Année (19xx))
12%
90 L'Allemagne en finale de Coupe du Monde de Football au XXe siècle (Année (19xx))
12%
59 Nombres premiers
12%
12 Tiers restant (les autres)
12%
24 Tiers restant (les autres)
12%
25 Tiers restant (les autres)
12%
26 Tiers restant (les autres)
12%
30 Tiers restant (les autres)
12%
34 Tiers restant (les autres)
12%
36 Tiers restant (les autres)
12%
39 Tiers restant (les autres)
12%
46 Tiers restant (les autres)
12%
48 Tiers restant (les autres)
12%
52 Tiers restant (les autres)
12%
96 Tiers restant (les autres)
12%
85 Départements de la côte Atlantique sans Finistère ni Fort Boyard
10%
27 Départements traversés par la Seine (embouchure comprise)
10%
78 Départements traversés par la Seine (embouchure comprise)
10%
91 Départements traversés par la Seine (embouchure comprise)
10%
92 Départements traversés par la Seine (embouchure comprise)
10%
93 Départements traversés par la Seine (embouchure comprise)
10%
95 Départements traversés par la Seine (embouchure comprise)
10%
89 Nombres premiers
10%
1 Tiers restant (les autres)
10%
20 Tiers restant (les autres)
10%
35 Tiers restant (les autres)
10%
49 Tiers restant (les autres)
10%
81 Tiers restant (les autres)
10%
87 Tiers restant (les autres)
10%
42 Départements avec un Saint comme préfecture
7%
88 Départements de Lorraine sans Nancy
7%
21 Départements traversés par la Seine (embouchure comprise)
7%
94 Départements traversés par la Seine (embouchure comprise)
7%
63 Tiers restant (les autres)
7%
10 Départements traversés par la Seine (embouchure comprise)
5%
51 Départements traversés par la Seine (embouchure comprise)
5%
58 Quatre fois où La France remporte l'Eurovision sans Marie Myriam au XXe siècle (Année (19xx))
5%
62 Quatre fois où La France remporte l'Eurovision sans Marie Myriam au XXe siècle (Année (19xx))
5%
60 Quatre fois où La France remporte l'Eurovision sans Marie Myriam au XXe siècle (Année (19xx))
2%
69 Quatre fois où La France remporte l'Eurovision sans Marie Myriam au XXe siècle (Année (19xx))
2%
14 Départements traversés par la Seine (embouchure comprise)
0%
Aucun quiz correspondant
Distribution des résultats
% des personnes avec chaque résultat
Percentile par nombre de réponses
Votre historique - résultats
Vous n’avez pas pris ce quiz